Sociología del arte

Na minha lista:
Detalhes bibliográficos
Autor principal: Francastel, Pierre (Author)
Formato: Livro
Idioma:espanhol
Publicado em: Madrid Alianza 1981
Edição:2a. ed
Colecção:El Libro de Bolsillo. Arte
Assuntos:
Tags: Adicionar Tag
Sem tags, seja o primeiro a adicionar uma tag!

MARC

LEADER 00000nam a2200000 a 4500
001 UCR9743
003 CL-VaPUC
008 980613e19810000SP |||||||||||||||||spa|d
082 0 4 |a 306.47  |b FRA  |2 21 
100 0 |a Francastel, Pierre  |e author  |9 412604 
245 1 0 |a Sociología del arte 
250 |a 2a. ed 
300 |a 203 p 
942 |c BK 
945 |d 19980613 00:00:00  |a crobeson 
260 |a Madrid  |b Alianza  |c 1981 
650 0 |a Arte y sociedad   |9 306277 
650 0 |a Sociología del arte  |9 306278 
583 |a last modification  |c 19980613 00:00:00  |k Rodrigo Vera 
490 0 |a El Libro de Bolsillo. Arte 
999 |c 270920  |d 270918 
952 |0 0  |1 0  |4 0  |6 306_470000000000000_FRA_1981  |7 0  |8 P  |9 305376  |a BIBEDU  |b BIBEDU  |c BIBEDU_PB  |d 2019-11-20  |i 1418505  |l 1  |m 2  |o 306.47 FRA 1981  |p 1418505  |r 2024-11-04  |s 2024-10-16  |w 2019-11-20  |y BK  |k LIT 
952 |0 0  |1 0  |4 0  |6 306_470000000000000_FRA_1981  |7 0  |8 A  |9 305377  |a BIBHIS  |b BIBHIS  |d 2019-11-20  |i 1360965  |l 2  |o 306.47 FRA 1981  |p 1360965  |r 2025-01-20  |s 2023-03-30  |w 2019-11-20  |y BK  |k HIS